Statistics for US Cities with Metro Systems

Click here to take the quiz!

General Stats

  • This quiz has been taken 2,277 times
  • The average score is 9 of 11

Answer Stats

Opened City % Correct
1904New York
99%
1897Chicago
94%
1879Boston
94%
1993Los Angeles
91%
1972San Francisco
91%
1907Philadelphia
90%
1984Miami
84%
1979Atlanta
80%
1976Washington DC
71%
1983Baltimore
69%
1955Cleveland
56%

Score Distribution

Percentile by Number Answered

Percent of People with Each Score

Your Score History

You have not taken this quiz